000 00594nam a22001457a 4500
003 MACL
005 20151105151545.0
008 151105b xxu||||| |||| 00| 0 eng d
040 _cMACL
041 _aHindi
100 _aप्रेमशंकर झा
_917310
245 _aसिविल सेवा अभिव‍ृत्ति परीक्षा निर्णयन समस्‍या-समाधान एवं पारस्‍परीक कौशल
260 _aमेरठ
_bअरिहन्‍त पब्लिकेशन्‍स
_c2015
942 _2ddc
_cHIN
999 _c50554
_d50554